Manual práctico del cultivo de la papa en la sierra / (Record no. 7339)

000 -CABECERA
fixed length control field 00920nam a22002177a 4500
003 - IDENTIFICADOR DEL NÚMERO DE CONTROL
control field AR-CdUCM
008 - DATOS DE LONGITUD FIJA--INFORMACIÓN GENERAL
fixed length control field 190320b ||||| |||| 00| 0 eng d
040 ## - FUENTE DE LA CATALOGACIÓN
Agencia/entidad que catalogó originalmente la obra MUNICIPALIDAD PROVINCIAL DEL CUSCO
Entidad que transcribió la catalogación BIBLIOTECA MUNICIPAL DEL CUSCO
082 ## - NÚMERO DE LA CLASIFICACIÓN DECIMAL DEWEY
No. de Clasificación 635.21 /
Notacion interna L32
100 ## - ENTRADA PRINCIPAL--NOMBRE DE PERSONA
Nombre Personal Lazo Canales, Jaime
245 ## - MENCIÓN DE TÍTULO
Título Manual práctico del cultivo de la papa en la sierra /
260 ## - PUBLICACIÓN, DISTRIBUCIÓN, ETC.
Lugar de publicación, distribución, etc. Lima :
Nombre de la editorial, distribuidor, etc. Ministerio de Educación Pública, Servicio Cooperativo Peruano-Norteamericano de Educación,
Fecha de publicación, distribución, etc. 1956.
300 ## - DESCRIPCIÓN FÍSICA
Nº de Páginas Extensión 58 páginas ;
Otros detalles físicos Ilustraciones,
Dimensiones 27.5 cm.
505 ## - NOTA DE CONTENIDO CON FORMATO
Nota de contenido formateada Elección de la variedad -- Selección de la semilla -- Desinfección de las semillas -- Época de sembrio -- Elección del terreno ...
650 ## - PUNTO DE ACCESO ADICIONAL DE MATERIA--TÉRMINO DE MATERIA
Descriptor Papas (Tubérculos)
9 (RLIN) 11536
650 ## - PUNTO DE ACCESO ADICIONAL DE MATERIA--TÉRMINO DE MATERIA
Descriptor Cultivo
9 (RLIN) 19546
650 ## - PUNTO DE ACCESO ADICIONAL DE MATERIA--TÉRMINO DE MATERIA
Descriptor Sierra
9 (RLIN) 20679
710 ## - PUNTO DE ACCESO ADICIONAL--NOMBRE DE ENTIDAD CORPORATIVA
Nombre corporativo (En letras Mayúsculas) Servicio Cooperativo Peruano Norteamericano de Educación
9 (RLIN) 20680
942 ## - ELEMENTOS DE PUNTO DE ACCESO ADICIONAL (KOHA)
Fuente de clasificación
Tipo de item Libros-BMC
945 ## - PROCESAMIENTO DE INFORMACIÓN LOCAL (OCLC)
Catalogador acv
Holdings
Estado de retiro (separado) Fuente de clasificación o esquema de estanterías Estado dañado Ubicación Sala donde se ubica Nombre de la colección Fecha de adquisición o compra Costo, precio normal en soles Signatura topográfica Código de Barras Última vez visto (Koha) Tipo de ítem (Koha)
No     Sala Ciencias Sala Ciencias Book Cart 2019-03-20 15.00 635.21 / L32 SC0000000579 2019-03-20 Libros-BMC

Powered by Koha